| 000 | 00724cam a2200265 a 4500 | ||
|---|---|---|---|
| 001 | 000008100 | ||
| 005 | 20200929154431.0 | ||
| 008 | 760615s1994 sp 000 f spa d | ||
| 020 | _a8423307263 | ||
| 040 |
_aDO-SdBNP _dBNPHU |
||
| 082 |
_a863.64 _bM445p, 1994 |
||
| 100 | 1 |
_aMatute, Ana María, _d1926- _94724 |
|
| 245 | 1 | 0 |
_aPrimera memoria / _cAna María Matute. |
| 250 | _a11a ed. | ||
| 260 |
_aBarcelona : _bDestino, _c1994. |
||
| 300 |
_a245 p. ; _c18 cm. |
||
| 490 | 1 |
_aDestinolibro _v7 |
|
| 586 | _aPremio nadal, 1959 | ||
| 650 | 4 |
_aNovela española _91123 |
|
| 650 | 4 |
_aLiteratura española _9632 |
|
| 830 | 0 |
_aDestinolibro ; _v7 _98086 |
|
| 910 | _aCatalogación derivada | ||
| 910 | _aWM | ||
| 049 | _aBNGR | ||
| 999 |
_c7877 _d7877 |
||